00345 a2200121 4500003000500000005001700005040000900022082001100031245006300042440006300105538002400168650003100192Nust20170207154221.0 cNust a371.33 aBattle Check; Care Storage and Adm of Drugs in Ho (DVD-32) aBattle Check; Care Storage and Adm of Drugs in Ho (DVD-32) aDuration Mins 24,20 aTFC No 38, MED 299cDVD-32